Social exclusion of young LGBT people in Europe

সংরক্ষণ করুন:
গ্রন্থ-পঞ্জীর বিবরন
প্রধান লেখক: Takacs Judit
বিন্যাস: গ্রন্থ
ভাষা:অজানা বা ভুল ভাষা
প্রকাশিত: * ILGA-Europe / IGLYO 2006
ট্যাগগুলো: ট্যাগ যুক্ত করুন
কোনো ট্যাগ নেই, প্রথমজন হিসাবে ট্যাগ করুন!

MARC

LEADER 00000nam a2200000Ia 4500
001 189
003 NUMERAZIONE-ORIGINALE-BRESCIA
005 20260206230749.0
008 260206s9999 xx 000 0 und d
100 |a Takacs Judit 
245 0 |a Social exclusion of young LGBT people in Europe 
260 |a * 
260 |b ILGA-Europe / IGLYO 
260 |c 2006 
942 |2 ddc  |c BK  |n 0 
952 |0 0  |1 0  |2 ddc  |4 0  |6 16  |7 0  |9 28387  |a BS  |b BS  |d 2026-02-06  |i 189  |l 0  |o 1-6-*  |r 2026-02-06 22:40:34  |w 2026-02-06  |x [REVISIONARE]  |y BK 
999 |c 24070  |d 24070